000
00207 a2200097 4500
001
45587
100
_a
Sematary, P
245
_a
Stephen king
260
_a
London
_b
New english lib
_c
090
_c
28749
_d
28749
942
_a
NUST-CAE
_c
M
_c
20834
999
_c
280660
_d
280660